000 01025cam a22003015a 4500
999 _c21084
_d21056
001 016524436
003 EG-ScBUE
005 20201128023624.0
006 m||||f ||z 00| 0
008 150114t2014 enka frb 001 0 eng d
020 _a9781292026169 (paperback)
020 _a1292026162 (paperback)
020 _a0130473944 (CD with book)
040 _aStDuBDS
_beng
_cStDuBDS
_dEG-ScBUE
_dEG-ScBUE
082 0 4 _a660.28
_bFOG
_222
100 1 _aFogler, H. Scott.
_9817
245 1 0 _aElements of chemical reaction engineering /
_cH. Scott Fogler.
250 _a4th ed., Pearson new international ed.
260 _aHarlow :
_bPearson Education Limited,
_cc.2014.
300 _aii, 876 p. :
_bill. (black and white) ;
_c28 cm. +
_e1 CD-ROM.
490 0 _aPearson custom library
504 _aIncludes bibliographical references and index.
650 7 _aChemical engineering.
_2BUEsh
_91062
650 7 _aChemical reactions.
_2BUEsh
_936417
651 _2BUEsh
653 _bENGCHE
_cNovember2015
_cMay2019
942 _2ddc